Missing Word: Arnold Schwarzenegger Quiz Stats

 Plays Quiz Updated Mar 16, 2018

Challenge
Share
Tweet
Embed
Score 0/18 Timer 02:00
0 Plays Today
Movie title & year Missing word % Correct
Around the ________ in 80 Days (2004)World
96.4%
________ the Barbarian (1982)Conan
91.2%
________ & Robin (1997)Batman
88%
________ Recall (1990)Total
86.3%
Terminator 2 - ________ Day (1991)Judgment
84.3%
True ________ (1994) Lies
72.6%
The ________ Action Hero (1993)Last
70.9%
________ Cop (1990)Kindergarten
68.3%
Terminator 3 - Rise of the ________ (2003)Machines
67.7%
Movie title & year Missing word % Correct
________ of Days (1999)End
59.1%
The ________ (1984)Terminator
58.3%
________ All the Way (1996)Jingle
58.2%
________ Damage (2002)Collateral
57%
________ Sonja (1985)Red
43.4%
The ________ Man (1987)Running
38%
The 6th ________ (2000)Day
36.8%
________ Deal (1986)Raw
23.2%
Red ________ (1988)Heat
13.7%

Today's Daily Dose

You're not logged in!

Compare scores with friends on all Sporcle quizzes.
Join for Free
OR
Log In

You Might Also Like...

Show Comments

Extras

Top Quizzes Today


Score Distribution

Your Account Isn't Verified!

In order to create a playlist on Sporcle, you need to verify the email address you used during registration. Go to your Sporcle Settings to finish the process.

Report this User

Report this user for behavior that violates our Community Guidelines.

Details: